Managing the Malaysian economy : Challenges and prospects

Bibliographic Details
Main Author: NAVARATNAM
Format: Book
Published: Petaling Jaya, Selangor : Pelanduk Pub. , 1997
Subjects:

MARC

LEADER 00000cam a2200000 7i4500
001 0000000693
005 20000922.0
020 0 0 |a 9679785815 
090 0 0 |a 338.9595   |b NAV 1997 
100 1 0 |a NAVARATNAM   |h Ramon V. 
245 1 0 |a Managing the Malaysian economy :   |b Challenges and prospects   |c Ramon V. Navaratnam 
260 0 0 |a Petaling Jaya, Selangor :   |b Pelanduk Pub. ,   |c 1997 
300 |a 195 p. ;   |c 23 cm. 
500 0 0 |a Includes index 
650 0 0 |a Civil service   |z Malaysia 
650 0 0 |a Economic forecasting   |z Malaysia 
651 0 0 |a Malaysia   |x Economic policy 
651 0 0 |a Malaysia   |x Foreign relations 
651 0 0 |a Malaysia   |x Social conditions 
999 |a 0000001788   |b Monograph   |c Open Shelf   |e Default branch